El maestro Francisco de Vitoria y el Renacimiento filosófico teológico del siglo XVI / (Record no. 22532)

MARC details
000 -LEADER
campo de control de longitud fija 00477nam a2200145 i 4500
001 - NÚMERO DE CONTROL
campo de control 22532
003 - IDENTIFICADOR DE NÚMERO DE CONTROL
campo de control ES-MaACL
007 - CAMPO FIJO DE DESCRIPCIÓN FÍSICA--INFORMACIÓN GENERAL
campo de control de longitud fija t|
008 - DATOS DE LONGITUD FIJA--INFORMACIÓN GENERAL
campo de control de longitud fija 021203s1914 sp ||||1| spa d
100 1# - ENTRADA PRINCIPAL--NOMBRE DE PERSONA
Nombre de persona Alonso Getino, Luis G.
9 (RLIN) 20331
245 13 - MENCIÓN DEL TÍTULO
Título El maestro Francisco de Vitoria y el Renacimiento filosófico teológico del siglo XVI /
Mención de responsabilidad, etc. por Luis G. Alonso Getino.
260 ## - PUBLICACIÓN, DISTRIBUCIÓN, ETC.
Lugar de publicación, distribución, etc. Madrid :
Nombre del editor, distribuidor, etc. Rev. Arch. Bibl. y Museos,
Fecha de publicación, distribución, etc. 1914.
300 ## - DESCRIPCIÓN FÍSICA
Extensión VIII, 280 p. ;
Dimensiones 25 cm.
852 ## - LOCALIZACIÓN
Ubicación ES-MaACL
Número de control de estantería G-5329
Holdings
Estatus retirado Estado de pérdida Estado de daño No para préstamo Biblioteca de origen Biblioteca actual Ubicación en estantería Fecha de adquisición Fuente de adquisición Total de préstamos Signatura topográfica completa Código de barras Visto por última vez Precio de reemplazo Tipo de ítem Koha
        Biblioteca del Ateneo de Madrid Biblioteca del Ateneo de Madrid Depósito 2 17/01/2008     G-5329 1023195 23/02/2023 23/02/2023 Libro impreso